Score 0/16 Timer 02:00
0 Plays Today
Scrambled Palindrome % Correct
YAKKAKayak
98.2%
VICICCivic
98.2%
ELVELLevel
97.7%
XESESSexes
96.3%
FERERRefer
96.1%
NEETTTenet
93.9%
DAMMAMadam
93.7%
SLOOSSolos
92.5%
Scrambled Palindrome % Correct
TRROORotor
91.5%
DRAARRadar
91.4%
WEEDDDewed
91.4%
ASTTSStats
88%
GAASSSagas
86.6%
CRECAARRacecar
72.4%
DDRREERedder
64.9%
DIFEEDIDeified
48.9%

You're not logged in!

Compare scores with friends on all Sporcle quizzes.
OR
Log In

Sporcle TV

Today on Sporcle TV


Watch our educational content, quiz creation guides, and fun videos on Sporcle TV.

Show Comments

Extras

Top Quizzes Today


Score Distribution

Paid Content

Your Account Isn't Verified!

In order to create a playlist on Sporcle, you need to verify the email address you used during registration. Go to your Sporcle Settings to finish the process.

Report this User

Report this user for behavior that violates our Community Guidelines.

Details: